| 000 | 00345 a2200157 4500 | ||
|---|---|---|---|
| 001 | 188533 | ||
| 020 | _a85-7175-078-5 | ||
| 040 | _cMagnum | ||
| 100 | _aMacedo, Joaquim Manuel de | ||
| 240 | 1 | 0 |
_aA carteira de meu tio _lpor |
| 245 | 1 | 0 | _aA carteira de meu tio |
| 300 | _a126 | ||
| 362 | 0 | _a2001 | |
| 697 | _aLITERATURA GERAL | ||
| 942 | _cBK | ||
| 999 |
_c188533 _d188533 |
||